Statistics for Overwatch World Cup Top 4 Countries

Click here to take the quiz!

General Stats

  • This quiz has been taken 181 times
    (44 since last reset)
  • The average score is 19 of 20

Answer Stats

YearPlaceTeam% Correct
20161stSouth Korea Flag of South Korea
100%
20234thSouth Korea Flag of South Korea
100%
20193rdSouth Korea Flag of South Korea
100%
20181stSouth Korea Flag of South Korea
100%
20171stSouth Korea Flag of South Korea
100%
20191stUnited States Flag of the United States
100%
20183rdCanada Flag of Canada
97%
20172ndCanada Flag of Canada
97%
20184thUnited Kingdom Flag of the United Kingdom (3-5)
97%
20192ndChina Flag of the People's Republic of China
94%
20182ndChina Flag of the People's Republic of China
94%
20232ndChina Flag of the People's Republic of China
94%
20194thFrance Flag of France
89%
20174thFrance Flag of France
89%
20163rdSweden Flag of Sweden
89%
20173rdSweden Flag of Sweden
89%
20164thFinland Flag of Finland
83%
20233rdFinland Flag of Finland
83%
20162ndRussia Flag of Russia
80%
20231stSaudi Arabia Flag of Saudi Arabia
77%

Score Distribution

Percentile by Number Answered

Percent of People with Each Score

Your Score History

You have not taken this quiz since the last reset